00680nam a2200193 i 450000100060000000300090000600500170001500700030003200800410003510000180007624500590009426000730015330000220022665100460024865100370029465100420033185200210037385200920039465034ES-MaACL20250728051241.0t|040108q1930 sp |||| | spa d1 aFrank, Waldo.10aPrimer mensaje a la América Hispana / cWaldo Frank. aMadrid : bRevista de Occidente, c[ca. 1930] (fTall. Espasa-Calpe) a289 p. ; c23 cm. 4aAmérica Latina-xCivilización-yS.XX. 4aAmérica Latina-xDescripción 4aAmérica Latina-xSituación social aES-MaACLjB-3481 aES-MaACLjL-32195 z- Donat. herederos de la bibl. de Mª del Pilar Costa Palacín